000 00473nam a2200181Ia 4500
005 20250326125629.0
008 250326s9999 xx 000 0 und d
037 _aTextbook
040 _aFMSL
_beng
_cFMSL
041 _aeng
_2eng
084 _aX:8 K52
_qFMSL
100 _aStrong E P
_9737480
245 0 _aConcept of management
_cStrong E P
260 _aNY
_bNY, Harper & Row
_c1965
300 _a58p
942 _cTB
_hX:8 K52
999 _c1278869
_d1278869